Normal view
MARC view
Entry Topical Term
001 - CONTROL NUMBER
- control field: 29516
003 - CONTROL NUMBER IDENTIFIER
- control field: OSt
005 - DATE AND TIME OF LATEST TRANSACTION
- control field: 20241206091729.0
008 - FIXED-LENGTH DATA ELEMENTS
- fixed length control field: 241206|| aca||aabn | a|a d
040 ## - CATALOGING SOURCE
- Original cataloging agency: OSt
- Transcribing agency: OSt
150 ## - HEADING--TOPICAL TERM
- Topical term or geographic name entry element: Fiction
- Form subdivision: Conduct of life
- Form subdivision: Diaries
- Form subdivision: Friendship
- Form subdivision: Historical fiction
- Form subdivision: Japan
- Form subdivision: Schools
670 ## - SOURCE DATA FOUND
- Source citation: Work cat.: (OSt): Yoshino, Genzaburo. 29515, How do you live? / , 2023.